पंच परमेश्वर / (Record no. 62360)

MARC details
000 -LEADER
fixed length control field 02682nam a22003137a 4500
005 - DATE AND TIME OF LATEST TRANSACTION
control field 20120209113313.0
010 ## - LCCN (DPL NO)
LC control number B-473609-614
020 ## - INTERNATIONAL STANDARD BOOK NUMBER
Terms of availability 50.00
International Standard Book Number 9788185586649
035 ## - SYSTEM CONTROL NUMBER
System control number B-473609-614
037 ## - SOURCE OF ACQUISITION
Source of stock number/acquisition ब्लूबेरी बुक्स
082 ## - DEWEY DECIMAL CLASSIFICATION NUMBER
Classification number
100 ## - MAIN ENTRY--PERSONAL NAME
Personal name प्रेमचंद
245 ## - TITLE STATEMENT
Title पंच परमेश्वर /
Statement of responsibility, etc प्रेमचंद;अतनु रॉय द्वारा चित्रांकित
250 ## - EDITION STATEMENT
Edition statement छठा संस्क
260 ## - PUBLICATION, DISTRIBUTION, ETC. (IMPRINT)
Place of publication, distribution, etc नई दिल्ली
Name of publisher, distributor, etc कथा
Date of publication, distribution, etc 2010
270 ## - ADDRESS
Address ए-3 सर्वोदय एनक्लेव, श्री औरोबिन्दो मार्ग
City नई दिल्ली
Postal code 110017
300 ## - PHYSICAL DESCRIPTION
Extent 18.पृ.
Other physical details सचित्र
Dimensions 22 सेमी (अजिल्द)
700 ## - ADDED ENTRY--PERSONAL NAME
Personal name रॉय, अतनु
9 (RLIN) 41293
700 ## - ADDED ENTRY--PERSONAL NAME
9 (RLIN) 41305
942 ## - ADDED ENTRY ELEMENTS (KOHA)
Source of classification or shelving scheme Dewey Decimal Classification
Item type Children Books
Classification part
Call number suffix प्रेमचं
Holdings
Withdrawn status Lost status Not for loan Home library Current library Date acquired Cost, normal purchase price Full call number Cost, replacement price Koha item type Collection code Source of acquisition Barcode Copy number
    Ordered Andrews Gunj Andrews Gunj 09/02/2012 50.00 क प्रेमचं 50.00 Children Books        
      Andrews Gunj Andrews Gunj 07/08/2012 50.00 क प्रेमचं 50.00 Children Books Fiction ब्लूबेरी बुक्स/IN8255/29.03.12/43/20.03.12/30.03.12 B-473611 1
  Written-off vide DLB M. No. 383 dt 16.05.19   Netaji Nagar Netaji Nagar 07/08/2012 50.00 क प्रेमचं 50.00 Children Books Fiction ब्लूबेरी बुक्स/IN8255/29.03.12/43/20.03.12/30.03.12 B-473613 1
      R.K.Puram-8 R.K.Puram-8 07/08/2012 50.00 क प्रेमचं 50.00 Children Books Fiction ब्लूबेरी बुक्स/IN8255/29.03.12/43/20.03.12/30.03.12 B-473610 1
      Sarojini Nagar Sarojini Nagar 07/08/2012 50.00 क प्रेमचं 50.00 Children Books Fiction ब्लूबेरी बुक्स/IN8255/29.03.12/43/20.03.12/30.03.12 B-473609 1
  Written-off vide DLB M. No. 383 dt 16.05.19   Sriniwas Puri Sriniwas Puri 07/08/2012 50.00 क प्रेमचं 50.00 Children Books Fiction ब्लूबेरी बुक्स/IN8255/29.03.12/43/20.03.12/30.03.12 B-473612 1
      Vinoba Puri Vinoba Puri 07/08/2012 50.00 क प्रेमचं 50.00 Children Books Fiction ब्लूबेरी बुक्स/IN8255/29.03.12/43/20.03.12/30.03.12 B-473614 1

© Delhi Public Library
Hit Counter
free hit counter